[Event "ChessOrg-Schachfestival 2022-Senioren"]
[Site "Bad Woerishofen"]
[Date "2022.03.12"]
[Round "2.26"]
[White "Ganslmayer, Anton"]
[Black "Schnell, Franz"]
[Result "1-0"]
[WhiteElo "1830"]
[BlackElo "1737"]
[PlyCount "55"]
[EventDate "2022.??.??"]
[WhiteTeam "SC Wangen"]
[BlackTeam "SC Nusplingen"]

1. e4 d5 2. exd5 Qxd5 3. Nc3 Qa5 4. d4 c6 5. Nf3 Bg4 6. Be2 e6 7. Bd2 Qc7 8. h3
Bh5 9. O-O Nf6 10. a3 h6 11. Bd3 Bd6 12. g4 Bxg4 13. hxg4 Nxg4 14. Ne4 Nd7 15.
Nxd6+ Qxd6 16. Qe2 O-O-O 17. Rfe1 h5 18. Qe4 Rde8 19. Qf4 e5 20. dxe5 Ngxe5 21.
Nxe5 Nxe5 22. Bf5+ Kb8 23. Rad1 f6 24. Bb4 Nf3+ 25. Qxf3 Rxe1+ 26. Rxe1 c5 27.
Rd1 Qc7 28. Rd7 1-0

[Event "ChessOrg-Schachfestival 2022-Senioren"]
[Site "Bad Woerishofen"]
[Date "2022.03.12"]
[Round "2.27"]
[White "Harke, Horst"]
[Black "Wraga, Teresa"]
[Result "1/2-1/2"]
[WhiteElo "1757"]
[BlackElo "1553"]
[PlyCount "125"]
[EventDate "2022.??.??"]
[BlackTeam "SG Osnabrueck"]

1. d4 d6 2. c4 f5 3. Nc3 Nf6 4. Bg5 g6 5. Bxf6 exf6 6. Nf3 Bg7 7. g3 O-O 8. Bg2
c6 9. O-O Nd7 10. e4 fxe4 11. Nxe4 Nb6 12. c5 dxc5 13. Nxc5 Nd5 14. Nd2 b6 15.
Ncb3 Be6 16. Rc1 Rc8 17. a3 Qd7 18. Re1 Rfe8 19. Na1 Bf7 20. Rxe8+ Rxe8 21. Nc2
f5 22. Nf3 h6 23. Qf1 Nf6 24. Ne5 Qd6 25. Nxf7 Kxf7 26. Nb4 c5 27. dxc5 bxc5
28. Qc4+ Kf8 29. Nd3 Nd7 30. Qd5 Qxd5 31. Bxd5 Rd8 32. Nf4 Bxb2 33. Rd1 Ke7 34.
Nxg6+ Kf6 35. Nh4 Nb6 36. Bb3 Rxd1+ 37. Bxd1 Bxa3 38. Bc2 a5 39. Nxf5 a4 40.
Nxh6 Bb4 41. Ng4+ Kf7 42. Ne3 c4 43. Bb1 a3 44. Kf1 Na4 45. Nxc4 Nc3 46. Nxa3
Bxa3 47. Bf5 Nd5 48. Kg2 Bc5 49. h4 Nf6 50. g4 Nd5 51. Bb1 Nf4+ 52. Kg3 Ne2+
53. Kg2 Nf4+ 54. Kf3 Nh3 55. g5 Nxf2 56. Bf5 Nd1 57. h5 Ne3 58. h6 Kg8 59. Be4
Nc4 60. Kg4 Ne5+ 61. Kh5 Be3 62. Bf5 Nf3 63. h7+ 1/2-1/2

[Event "ChessOrg-Schachfestival 2022-Senioren"]
[Site "Bad Woerishofen"]
[Date "2022.03.12"]
[Round "2.28"]
[White "Harsch, Martin"]
[Black "Walther, Renate"]
[Result "1-0"]
[WhiteElo "1908"]
[BlackElo "1180"]
[PlyCount "47"]
[EventDate "2022.??.??"]
[BlackTeam "SK 1911 Herzogenaurach"]

1. e4 e5 2. Nf3 d5 3. exd5 Bd6 4. Bb5+ Bd7 5. Bxd7+ Nxd7 6. d3 Ngf6 7. c4 O-O
8. O-O e4 9. dxe4 Nxe4 10. Nbd2 Ndf6 11. Nxe4 Nxe4 12. Be3 Qd7 13. Qd3 f5 14.
Rfe1 Nc5 15. Qc2 a5 16. Re2 Rae8 17. Rae1 Qf7 18. Bxc5 Bxc5 19. Rxe8 Rxe8 20.
Rxe8+ Qxe8 21. Qxf5 Bd4 22. b3 Bf6 23. Kf1 g6 24. Qxf6 1-0

[Event "ChessOrg-Schachfestival 2022-Senioren"]
[Site "Bad Woerishofen"]
[Date "2022.03.12"]
[Round "2.29"]
[White "Di Lazzaro, Gabriele"]
[Black "Koch, Dieter"]
[Result "1-0"]
[WhiteElo "1768"]
[BlackElo "1629"]
[PlyCount "69"]
[EventDate "2022.??.??"]
[WhiteTeam "Richter - Bolzano"]
[BlackTeam "SC Ammersee"]

1. e4 e5 2. d4 Nc6 3. Nf3 Qe7 4. Nc3 d6 5. Be2 Nf6 6. Bg5 h6 7. Nd5 Qd8 8. Bxf6
gxf6 9. Ne3 Ne7 10. Qd3 c6 11. O-O-O Be6 12. d5 Bd7 13. dxc6 Nxc6 14. Nc4 Be6
15. Nxd6+ Bxd6 16. Qxd6 Qxd6 17. Rxd6 Ke7 18. Rd2 Rhc8 19. Kb1 f5 20. Bd3 fxe4
21. Bxe4 f6 22. c3 b5 23. Rhd1 Rab8 24. Rd6 Na5 25. Ra6 Nc4 26. Rxa7+ Kf8 27.
b3 Nb6 28. Rd6 Re8 29. Ra6 f5 30. Bc2 e4 31. Nd4 Nd5 32. Nxe6+ Rxe6 33. Rxe6
Nxc3+ 34. Kb2 b4 35. Rxh6 1-0

[Event "ChessOrg-Schachfestival 2022-Senioren"]
[Site "Bad Woerishofen"]
[Date "2022.03.12"]
[Round "2.30"]
[White "Fischer, Johann"]
[Black "Loibl, Johann"]
[Result "0-1"]
[WhiteElo "1625"]
[BlackElo "1762"]
[PlyCount "104"]
[EventDate "2022.??.??"]
[WhiteTeam "SK Krumbach"]

1. e4 e5 2. Bc4 Bc5 3. Nc3 Nc6 4. Nge2 Nf6 5. Ng3 d6 6. h3 Be6 7. Nd5 Na5 8.
Qe2 Nxc4 9. Qxc4 c6 10. Nxf6+ Qxf6 11. Qe2 O-O-O 12. d3 Bb6 13. Be3 Bc7 14. O-O
d5 15. Qh5 Qg6 16. Qxg6 hxg6 17. f4 exf4 18. Bxf4 Bb6+ 19. Kh2 f6 20. Rf3 g5
21. Be3 Bc7 22. Bf2 g4 23. Re3 gxh3 24. Rh1 hxg2+ 25. Kxg2 Bg4 26. exd5 Rxh1
27. Nxh1 Rxd5 28. Re7 Rg5 29. Ng3 Bd1 30. c3 Bc2 31. d4 f5 32. Kf3 Bd1+ 33. Ne2
Rg4 34. Re3 g5 35. Re8+ Kd7 36. Rf8 Re4 37. Rf7+ Kd8 38. Rxf5 Rxe2 39. Kg2 Bf4
40. Kf1 Rxb2 41. d5 Bg4 42. Rf7 Bh3+ 43. Ke1 Bd2+ 44. Ke2 Bxc3+ 45. Kd3 Be5 46.
dxc6 bxc6 47. Be3 Bf4 48. Rxa7 Bf5+ 49. Kd4 c5+ 50. Kc3 Rc2+ 51. Kb3 Bxe3 52.
Rf7 Be6+ 0-1

[Event "ChessOrg-Schachfestival 2022-Senioren"]
[Site "Bad Woerishofen"]
[Date "2022.03.12"]
[Round "2.31"]
[White "Strohbusch, Frank"]
[Black "Hoferichter, Michael"]
[Result "1-0"]
[WhiteElo "1762"]
[BlackElo "1624"]
[PlyCount "91"]
[EventDate "2022.??.??"]
[WhiteTeam "SK Freising"]
[BlackTeam "Bergische SF 1923 Bergisch Gladbach e.V."]

1. e4 c5 2. Nc3 a6 3. g3 b5 4. Bg2 Bb7 5. a3 e6 6. d3 Nf6 7. f4 Be7 8. Nf3 d5
9. e5 Nfd7 10. O-O d4 11. Ne4 Bxe4 12. dxe4 Nc6 13. c3 Qb6 14. Kh1 Rd8 15. cxd4
cxd4 16. b4 Nf8 17. Qd3 Ng6 18. Bb2 O-O 19. h4 h5 20. Rac1 Rd7 21. Rfd1 Rfd8
22. Nd2 Bxb4 23. axb4 Nxb4 24. Qb3 a5 25. Ba3 d3 26. Bxb4 axb4 27. Qxb4 Qe3 28.
Kh2 Ra7 29. Qc5 Qxc5 30. Rxc5 b4 31. Rb5 Ra4 32. Bf3 Rc8 33. Bxh5 Rc2 34. Kh3
Raa2 35. Nf3 Rab2 36. Ng5 Rh2+ 37. Kg4 Rxh4+ 38. gxh4 Rg2+ 39. Kf3 Nxh4+ 40.
Ke3 Rg3+ 41. Kd4 Kf8 42. Rb8+ Ke7 43. Rb7+ Kd8 44. Nxf7+ Kc8 45. Nd6+ Kd8 46.
Rxd3 1-0

[Event "ChessOrg-Schachfestival 2022-Senioren"]
[Site "Bad Woerishofen"]
[Date "2022.03.12"]
[Round "2.32"]
[White "Schlemminger, Degenhard"]
[Black "Flockerzi, Armin"]
[Result "0-1"]
[WhiteElo "1623"]
[BlackElo "1761"]
[PlyCount "114"]
[EventDate "2022.??.??"]
[WhiteTeam "SV Reutlingen"]
[BlackTeam "VfR-SC Koblenz"]

1. c4 e5 2. Nc3 Nc6 3. g3 d6 4. Bg2 Bd7 5. e3 Nf6 6. d4 Rb8 7. d5 Ne7 8. a4 a6
9. b4 Ng6 10. b5 a5 11. Ne4 Nxe4 12. Bxe4 f5 13. Bg2 b6 14. h4 Qf6 15. Bb2 Qf7
16. h5 Ne7 17. Nf3 h6 18. Nh4 Kd8 19. f4 e4 20. Bf1 Rg8 21. Be2 Kc8 22. Rg1 Kb7
23. Rc1 Nc8 24. Ng6 Ne7 25. Nxf8 Qxf8 26. g4 fxg4 27. Bxg4 Rd8 28. Qd4 Bf5 29.
Rc2 g5 30. hxg6 Rxg6 31. Rcg2 Qg8 32. Qd1 h5 33. Bh3 Qf7 34. Bxf5 Rxg2 35. Rxg2
Nxf5 36. Qe2 Qh7 37. Bf6 Rf8 38. Bg5 Rg8 39. Rh2 h4 40. Kf2 Qg7 41. Rh3 Qd7 42.
Qg4 Qg7 43. Qe2 Qc3 44. Bxh4 Nxh4 45. Rxh4 Qa1 46. Rg4 Rh8 47. Rg2 Qxa4 48. Qb2
Rh3 49. Rg3 Rh1 50. Kg2 Qd1 51. Qf2 Qh5 52. Qg1 Rxg1+ 53. Kxg1 Qh4 54. Kf2 a4
55. f5 Qf6 56. Ke2 Qxf5 57. Ke1 a3 0-1

[Event "ChessOrg-Schachfestival 2022-Senioren"]
[Site "Bad Woerishofen"]
[Date "2022.03.12"]
[Round "2.33"]
[White "Kievelitz, Bernd"]
[Black "Richter, Stefan"]
[Result "1/2-1/2"]
[WhiteElo "1745"]
[BlackElo "1612"]
[PlyCount "68"]
[EventDate "2022.??.??"]
[WhiteTeam "SC Zitadelle Spandau 1977 e.V."]
[BlackTeam "Elstertal-langenberg"]

1. Nf3 g6 2. b3 Bg7 3. c3 Nf6 4. d4 d6 5. Bb2 O-O 6. g3 c6 7. Bg2 Bg4 8. Nbd2
Nbd7 9. h3 Bxf3 10. Bxf3 d5 11. O-O e5 12. e4 Bh6 13. Re1 Re8 14. c4 exd4 15.
exd5 c5 16. Ne4 Nxe4 17. Rxe4 Rxe4 18. Bxe4 f5 19. Bg2 Qe7 20. Qe1 Re8 21. Qxe7
Rxe7 22. Kf1 Bd2 23. Rd1 Ba5 24. a3 Ne5 25. f4 Nd7 26. b4 cxb4 27. axb4 Bxb4
28. Bxd4 b6 29. Bf2 Nf6 30. Bf3 Ne4 31. Bxe4 Rxe4 32. d6 Re8 33. Ra1 Rd8 34.
Rxa7 Rxd6 1/2-1/2

[Event "ChessOrg-Schachfestival 2022-Senioren"]
[Site "Bad Woerishofen"]
[Date "2022.03.12"]
[Round "2.34"]
[White "Farel, Edgard"]
[Black "Leser, Alfred"]
[Result "0-1"]
[WhiteElo "1603"]
[BlackElo "1736"]
[PlyCount "88"]
[EventDate "2022.??.??"]
[WhiteTeam "SG Enger-Spenge"]
[BlackTeam "Schachfreunde Mengen"]

1. e4 c5 2. Nf3 e6 3. d4 cxd4 4. Nxd4 a6 5. Nc3 Nc6 6. a3 Qc7 7. Be3 Nf6 8. Be2
Be7 9. O-O O-O 10. Qd2 b5 11. b4 Bb7 12. Nf3 Rac8 13. Bd3 Ne5 14. Ne2 Nc4 15.
Qe1 Bxe4 16. Ng3 Bxf3 17. gxf3 Nxe3 18. fxe3 d5 19. Ne2 Nh5 20. Rb1 Qb6 21. Qf2
e5 22. e4 Qxf2+ 23. Rxf2 Bg5 24. Rg2 Be3+ 25. Kh1 d4 26. Rg4 Rc6 27. h3 Rfc8
28. Kg2 Rh6 29. Rf1 Bf4 30. Rh1 Kh8 31. Kf1 g6 32. Kf2 Rf8 33. Kf1 Be3 34. Ke1
f5 35. exf5 gxf5 36. Rg2 Re6 37. Rf1 Rff6 38. c4 e4 39. fxe4 fxe4 40. Rxf6 Nxf6
41. Bb1 bxc4 42. Ba2 Rc6 43. Kd1 c3 44. Bb3 d3 0-1

[Event "ChessOrg-Schachfestival 2022-Senioren"]
[Site "Bad Woerishofen"]
[Date "2022.03.12"]
[Round "2.35"]
[White "Kurpiela, Franz"]
[Black "Wolkenstein, Eckhardt"]
[Result "1-0"]
[WhiteElo "1748"]
[BlackElo "1607"]
[PlyCount "55"]
[EventDate "2022.??.??"]
[WhiteTeam "TSG OEhringen"]
[BlackTeam "ESV"]

1. e4 e6 2. d4 d5 3. exd5 exd5 4. Nf3 Nf6 5. Bg5 Be7 6. Nc3 c6 7. a3 O-O 8. Bd3
Bg4 9. h3 Bxf3 10. Qxf3 h6 11. Bh4 Nbd7 12. g4 Qb6 13. O-O-O Rae8 14. Rhg1 Ne4
15. Bxe7 Rxe7 16. Bxe4 dxe4 17. Nxe4 Rfe8 18. Nd6 Rf8 19. g5 hxg5 20. Rxg5 f6
21. Nf5 Qd8 22. Nxe7+ Qxe7 23. Rh5 Qf7 24. Rg1 g6 25. Rh6 Kg7 26. Rhxg6+ Qxg6
27. Rxg6+ Kxg6 28. Qg4+ 1-0

[Event "ChessOrg-Schachfestival 2022-Senioren"]
[Site "Bad Woerishofen"]
[Date "2022.03.12"]
[Round "2.36"]
[White "Manthe, Joern"]
[Black "Birkestrand, Odd"]
[Result "0-1"]
[WhiteElo "1320"]
[BlackElo "1702"]
[PlyCount "34"]
[EventDate "2022.??.??"]
[WhiteTeam "Masfjorden Sjakklubb"]

1. d4 Nf6 2. Nc3 d5 3. e3 g6 4. Qd3 Bg7 5. b3 O-O 6. h3 Nc6 7. a3 Bf5 8. Qe2 a6
9. Bd2 b5 10. Ra2 b4 11. Nb1 Qd6 12. a4 e5 13. Nf3 exd4 14. Kd1 Rfe8 15. Qe1
dxe3 16. fxe3 d4 17. Qf2 dxe3 0-1

[Event "ChessOrg-Schachfestival 2022-Senioren"]
[Site "Bad Woerishofen"]
[Date "2022.03.12"]
[Round "2.37"]
[White "Kuenne, Lutz Dieter"]
[Black "Sakowski, Christian"]
[Result "0-1"]
[WhiteElo "1570"]
[BlackElo "1745"]
[PlyCount "108"]
[EventDate "2022.??.??"]
[WhiteTeam "KingsClub Jena"]
[BlackTeam "Schachclub Muelheim 08/25 e.V."]

1. e4 c6 2. d4 d5 3. e5 Bf5 4. Bd3 Bxd3 5. Qxd3 e6 6. Nf3 c5 7. dxc5 Qa5+ 8.
Qc3 Qxc5 9. Be3 Qxc3+ 10. Nxc3 Bb4 11. Bd2 a6 12. O-O Nc6 13. a3 Ba5 14. Rfe1
Nge7 15. Na4 Bxd2 16. Nxd2 O-O 17. Nc5 b5 18. Rac1 Rfd8 19. Nd3 Rac8 20. Nb3
Nb8 21. Nd4 Nec6 22. c3 Nxd4 23. cxd4 Nc6 24. Nb4 Nxd4 25. Rcd1 Nc2 26. Nxc2
Rxc2 27. b4 Rdc8 28. Kf1 Kf8 29. Ra1 R8c4 30. a4 Rxb4 31. axb5 axb5 32. Ra8+
Ke7 33. Rea1 Rbc4 34. R1a7+ Rc7 35. Rxc7+ Rxc7 36. Rb8 Kd7 37. Rxb5 Kc6 38. Rb2
Rd7 39. Rc2+ Kb5 40. f4 f6 41. exf6 gxf6 42. Re2 Re7 43. Rc2 Ra7 44. Kf2 Ra4
45. g3 Rc4 46. Re2 Re4 47. Rxe4 dxe4 48. Ke3 f5 49. g4 Kc5 50. gxf5 exf5 51. h3
Kc4 52. h4 h5 53. Ke2 Kd4 54. Kd2 e3+ 0-1

[Event "ChessOrg-Schachfestival 2022-Senioren"]
[Site "Bad Woerishofen"]
[Date "2022.03.12"]
[Round "2.38"]
[White "Titz, Waldemar"]
[Black "Vaclahovsky, Gerhard"]
[Result "1/2-1/2"]
[WhiteElo "1742"]
[BlackElo "1592"]
[PlyCount "120"]
[EventDate "2022.??.??"]
[WhiteTeam "SV Rottweil"]
[BlackTeam "SK Keres-Augsburg 1980"]

1. e4 e6 2. d4 d5 3. Nd2 c5 4. exd5 Qxd5 5. Ngf3 Nf6 6. Bc4 Qd6 7. O-O Be7 8.
Nb3 cxd4 9. Nbxd4 O-O 10. Qe2 a6 11. h3 Nc6 12. Be3 b5 13. Bd3 Nb4 14. Rfd1
Nxd3 15. Rxd3 Qc7 16. Rc3 Qd7 17. Rd1 Nd5 18. Rcd3 Bb7 19. a3 Qc7 20. c3 Rfd8
21. Bc1 a5 22. Nxb5 Qc6 23. Nbd4 Qc7 24. Nb5 Qc5 25. a4 Ba6 26. Rd4 Rdc8 27.
Ne5 Rd8 28. Nd3 Bxb5 29. axb5 Qb6 30. Ne1 Bf6 31. Re4 Rdc8 32. Be3 Nxe3 33.
Rxe3 Rab8 34. c4 Qc5 35. b3 Ra8 36. Nd3 Qa3 37. Qc2 Rab8 38. Qb1 h6 39. Re2 Qd6
40. Ne1 Qc5 41. Nd3 Qc7 42. Qa2 Rd8 43. Qb1 Rd4 44. Ne1 Rbd8 45. Rxd4 Bxd4 46.
Qc2 Qb6 47. Nf3 Bf6 48. Rd2 Rc8 49. Qd1 Qc5 50. Qc2 Qb4 51. Qd1 a4 52. bxa4
Rxc4 53. Kh2 Qxa4 54. Qxa4 Rxa4 55. b6 Rb4 56. Rd6 Kf8 57. Rc6 Ke8 58. Rc8+ Kd7
59. Rc7+ Kd8 60. Rxf7 Rxb6 1/2-1/2

[Event "ChessOrg-Schachfestival 2022-Senioren"]
[Site "Bad Woerishofen"]
[Date "2022.03.12"]
[Round "2.39"]
[White "Krueger, Antje-Christine"]
[Black "Cerpnjak, Mirko"]
[Result "0-1"]
[WhiteElo "1560"]
[BlackElo "1738"]
[PlyCount "88"]
[EventDate "2022.??.??"]
[WhiteTeam "SK Krumbach"]

{[%evp 0,64,30,22,22,22,16,6,13,-8,62,35,34,17,40,-15,3,-15,-15,-7,-15,-35,-30,
-52,-48,-79,-47,-45,-18,-15,-10,-81,-81,-83,-83,-92,-97,-85,-78,-136,-90,-126,
-122,-114,-68,-68,-67,-66,-39,-55,-36,-102,-116,-119,-119,-107,-123,-123,-112,
-126,-126,-141,-144,-160,-136,-187,-167]} 1. e4 e5 2. Nf3 Nc6 3. d4 exd4 4.
Nxd4 Nge7 5. Nxc6 Nxc6 6. Nc3 Bc5 7. Bc4 O-O 8. O-O d6 9. Bf4 Be6 10. Bd3 Ne5
11. Bxe5 dxe5 12. Qf3 Qd7 13. h3 a6 14. Rad1 Qc6 15. a3 Bxa3 16. Nd5 Bd6 17. b3
Rad8 18. Ne3 g6 19. Qg3 Kh8 20. Qg5 f6 21. Qh6 Qd7 22. Bc4 Bxc4 23. Nxc4 Qg7
24. Qe3 Qe7 25. Rd5 c6 26. Rd3 Bc5 27. Qf3 Rxd3 28. Qxd3 Rd8 29. Qf3 Kg7 30. h4
b5 31. Nb2 Bd4 32. Nd3 c5 33. c4 bxc4 34. bxc4 Qb7 35. Rc1 Qb3 36. Nxe5 Qxf3
37. Nxf3 Bb2 38. Rc2 Rb8 39. Rd2 Rb7 40. Rc2 a5 41. Ne1 a4 42. Rd2 a3 43. Nc2
a2 44. Rd1 Bd4 0-1

[Event "ChessOrg-Schachfestival 2022-Senioren"]
[Site "Bad Woerishofen"]
[Date "2022.03.12"]
[Round "2.40"]
[White "Krueger, Detlef"]
[Black "Koppenhoefer, Heinz"]
[Result "1-0"]
[WhiteElo "1737"]
[BlackElo "1565"]
[PlyCount "99"]
[EventDate "2022.??.??"]
[WhiteTeam "TSG Rot-Weiß Fredersdorf/Vogelsdorf e.V."]
[BlackTeam "TSV Solln Schachabteilung"]

{[%evp 0,60,23,22,16,9,13,-64,-25,-17,34,41,38,-31,-31,-45,41,26,41,36,44,-7,
61,30,92,103,122,115,109,114,114,114,189,181,192,184,201,201,177,177,239,196,
183,162,187,130,134,119,119,79,78,54,54,43,59,66,66,73,83,91,71,81,128]} 1. e4
e5 2. d4 exd4 3. Bc4 Nc6 4. Nf3 d6 5. O-O Be7 6. c3 Nf6 7. Re1 O-O 8. cxd4 h6
9. Nc3 Bg4 10. Be3 a6 11. a3 Bxf3 12. Qxf3 Qd7 13. Rad1 Qg4 14. Qxg4 Nxg4 15.
Bf4 Rfe8 16. h3 Nf6 17. e5 dxe5 18. dxe5 Nh5 19. Bh2 g6 20. Rd7 Ng7 21. Nd5 Ne6
22. Nf6+ Bxf6 23. exf6 Ncd4 24. Be5 Rad8 25. Bxe6 Nxe6 26. Red1 Rxd7 27. Rxd7
Rc8 28. f4 h5 29. Kf2 b5 30. Ke3 c5 31. Ra7 Rc6 32. Ke4 c4 33. g4 hxg4 34. hxg4
c3 35. Bxc3 Rc4+ 36. Ke5 Rxf4 37. Rxa6 Rxg4 38. Kd6 Re4 39. Rb6 g5 40. Rb8+ Kh7
41. Ke7 Nc5+ 42. Kxf7 g4 43. Rg8 Nb3 44. Re8 Rf4 45. Re5 Kh6 46. Re3 Rf3 47.
Rxf3 gxf3 48. Be1 Nc5 49. Ke7 Kg6 50. f7 1-0

[Event "ChessOrg-Schachfestival 2022-Senioren"]
[Site "Bad Woerishofen"]
[Date "2022.03.12"]
[Round "2.41"]
[White "Eibl, Guenter"]
[Black "Prenzel, Thomas"]
[Result "1-0"]
[WhiteElo "1736"]
[BlackElo "1523"]
[PlyCount "149"]
[EventDate "2022.??.??"]
[WhiteTeam "SF Muenchen"]
[BlackTeam "Klub Koelner SF e.V. 1967"]

1. d4 d5 2. c4 c6 3. Nf3 Bf5 4. cxd5 cxd5 5. Qb3 b6 6. Nc3 e6 7. e3 Nf6 8. Bb5+
Nbd7 9. Bd2 Bd6 10. Rc1 O-O 11. Bc6 Rc8 12. Nb5 Bb8 13. Bb4 Re8 14. Qa3 a5 15.
Bd2 Ne4 16. O-O Bg4 17. Rfd1 Bxf3 18. gxf3 Bxh2+ 19. Kf1 Nxd2+ 20. Rxd2 Qg5 21.
Ke2 Nb8 22. Rdc2 Nxc6 23. Rxc6 Rb8 24. Nd6 Bxd6 25. Qxd6 h5 26. Rxb6 Rbd8 27.
Qh2 e5 28. dxe5 Qxe5 29. Qxe5 Rxe5 30. Rc7 d4 31. Rbb7 d3+ 32. Kd2 Rf5 33. f4
h4 34. Rc1 h3 35. Rh1 Rh5 36. Rc7 Rb8 37. b3 Rd8 38. Rc6 g6 39. Rh2 Kg7 40. Rc1
Kf6 41. Rch1 Rdh8 42. Kxd3 Kf5 43. f3 Rd8+ 44. Ke2 Rdh8 45. Kf2 Rc8 46. Kg3 g5
47. e4+ Kf6 48. Rxh3 gxf4+ 49. Kxf4 Rxh3 50. Rxh3 Rc2 51. Rh6+ Ke7 52. a4 Rc3
53. Rb6 Rc5 54. Kg4 Rc7 55. f4 Rd7 56. e5 Rd5 57. Rb5 Rd3 58. Kf5 Rf3 59. Rxa5
Rxb3 60. Ra7+ Ke8 61. e6 fxe6+ 62. Kxe6 Kd8 63. f5 Re3+ 64. Kf7 Rh3 65. Kg6
Rg3+ 66. Kh5 Rg1 67. a5 Rh1+ 68. Kg6 Rg1+ 69. Kf6 Rh1 70. a6 Kc8 71. Rg7 Kb8
72. Kf7 Ra1 73. Rg6 Rc1 74. Re6 Ka7 75. f6 1-0

[Event "ChessOrg-Schachfestival 2022-Senioren"]
[Site "Bad Woerishofen"]
[Date "2022.03.12"]
[Round "2.42"]
[White "Stratmann, Alois"]
[Black "Cordsen, Heinrich"]
[Result "0-1"]
[WhiteElo "1547"]
[BlackElo "1732"]
[PlyCount "50"]
[EventDate "2022.??.??"]
[WhiteTeam "SV Ahlen 54 e.V."]
[BlackTeam "SK Varel"]

1. Nf3 d5 2. b3 Nf6 3. Bb2 Bf5 4. e3 e6 5. Be2 Bd6 6. d4 O-O 7. O-O Nbd7 8.
Nbd2 c5 9. dxc5 Nxc5 10. c4 Rc8 11. Rc1 Be7 12. Ba1 Nd3 13. Bxd3 Bxd3 14. Re1
dxc4 15. Nxc4 Bxc4 16. Qxd8 Rfxd8 17. Rxc4 Rxc4 18. bxc4 Ne4 19. Bd4 b6 20. Kf1
f6 21. Ke2 e5 22. Ba1 g5 23. g4 Kf7 24. Rd1 Rxd1 25. Kxd1 Nxf2+ 0-1

[Event "ChessOrg-Schachfestival 2022-Senioren"]
[Site "Bad Woerishofen"]
[Date "2022.03.12"]
[Round "2.43"]
[White "Gaul, Karl-Heinz"]
[Black "Rothenhagen, Siegfried"]
[Result "0-1"]
[WhiteElo "1511"]
[BlackElo "1723"]
[PlyCount "53"]
[EventDate "2022.??.??"]
[WhiteTeam "SC Schwarz-Weiß Lichtenrade e.V."]
[BlackTeam "Sportfr.Windach e.V.1923"]

1. Nf3 Nf6 2. b3 d5 3. Bb2 e6 4. e3 Be7 5. d4 O-O 6. Nbd2 b6 7. Bd3 Bb7 8. Ne5
Nbd7 9. Ndf3 h6 10. g4 Nxe5 11. dxe5 Nd7 12. Bd4 c5 13. Bb2 a6 14. Qe2 b5 15.
c3 c4 16. Bc2 Qc7 17. g5 hxg5 18. Nxg5 Bxg5 19. Qh5 Bh6 20. f4 f5 21. Rg1 Kh8
22. Rg6 Nc5 23. O-O-O Qf7 24. Rdg1 cxb3 25. axb3 Ne4 26. Ba3 Nxc3 27. Rxg7 0-1

[Event "ChessOrg-Schachfestival 2022-Senioren"]
[Site "Bad Woerishofen"]
[Date "2022.03.12"]
[Round "2.44"]
[White "Schestak, Herbert"]
[Black "Braeu, Emmi"]
[Result "1-0"]
[WhiteElo "1713"]
[BlackElo "1476"]
[PlyCount "55"]
[EventDate "2022.??.??"]
[BlackTeam "SK Marktoberdorf"]

1. d4 c5 2. Nf3 e6 3. Bf4 d5 4. e3 Nf6 5. c3 Nc6 6. Nbd2 cxd4 7. exd4 Bd6 8.
Bg3 O-O 9. Bd3 Bxg3 10. hxg3 g6 11. Qe2 Nd7 12. O-O-O Qf6 13. Rh6 Qg7 14. Rdh1
Nf6 15. Ng5 Re8 16. f4 Ne7 17. g4 Bd7 18. Nxh7 Nxh7 19. Rxh7 Qxh7 20. Rxh7 Kxh7
21. g5 Nf5 22. g4 Nd6 23. Qe5 Nc8 24. Nf3 Nb6 25. Qf6 Rf8 26. Nh4 Rae8 27. Nxg6
Rg8 28. Nf8# 1-0

[Event "ChessOrg-Schachfestival 2022-Senioren"]
[Site "Bad Woerishofen"]
[Date "2022.03.12"]
[Round "2.45"]
[White "Margraf, Dieter"]
[Black "Bertram, Thomas"]
[Result "0-1"]
[WhiteElo "1474"]
[BlackElo "1709"]
[PlyCount "48"]
[EventDate "2022.??.??"]
[WhiteTeam "SC Sulzbach-Rosenberg"]
[BlackTeam "SF Bad Lausick"]

1. d4 Nf6 2. Bf4 g6 3. e3 Bg7 4. c3 O-O 5. Bd3 d6 6. Qc2 Nbd7 7. Nd2 e5 8. dxe5
dxe5 9. Bg5 Nc5 10. Be4 Ncxe4 11. Nxe4 Bf5 12. Bxf6 Bxf6 13. Rd1 Qe7 14. f3
Rad8 15. Ne2 Rxd1+ 16. Qxd1 Rd8 17. Nxf6+ Qxf6 18. Qa4 Qb6 19. e4 Be6 20. b4
Qe3 21. Qc2 Bc4 22. Rf1 Bxe2 23. Qxe2 Qxc3+ 24. Kf2 Rd2 0-1

[Event "ChessOrg-Schachfestival 2022-Senioren"]
[Site "Bad Woerishofen"]
[Date "2022.03.12"]
[Round "2.46"]
[White "Antoniacci, Riccardo"]
[Black "De Polzer, Manfredi"]
[Result "1-0"]
[WhiteElo "1706"]
[BlackElo "1452"]
[PlyCount "65"]
[EventDate "2022.??.??"]

1. e4 e6 2. d4 d5 3. Nc3 c6 4. Nf3 dxe4 5. Nxe4 Be7 6. Bd3 Nd7 7. Bf4 Ndf6 8.
Be5 Nh6 9. h3 O-O 10. Neg5 g6 11. g4 Nd5 12. Ne4 f5 13. Qd2 Nf7 14. gxf5 Nxe5
15. Nxe5 exf5 16. Nc3 Bg5 17. Qe2 Nf4 18. Bc4+ Kg7 19. Qd1 Be6 20. Bf1 Qa5 21.
h4 Bf6 22. Nd3 Nd5 23. Qd2 Bxd4 24. Nf4 Bxc3 25. Nxe6+ Kg8 26. bxc3 Qxc3 27.
Qxc3 Nxc3 28. Bc4 Rfe8 29. Kf1 Rxe6 30. Bxe6+ Kg7 31. Rh3 Nb5 32. Rd1 Nc3 33.
Rxc3 1-0

[Event "ChessOrg-Schachfestival 2022-Senioren"]
[Site "Bad Woerishofen"]
[Date "2022.03.12"]
[Round "2.47"]
[White "Lie, Terje"]
[Black "Wacker, Manfred"]
[Result "1/2-1/2"]
[WhiteElo "1441"]
[BlackElo "1705"]
[PlyCount "171"]
[EventDate "2022.??.??"]
[WhiteTeam "Bergens SK"]
[BlackTeam "SC Lambsheim"]

1. d4 Nf6 2. c4 e6 3. Nf3 Be7 4. Nc3 O-O 5. g3 d5 6. b3 Nbd7 7. Bg2 Bb4 8. Bd2
c5 9. cxd5 Bxc3 10. Bxc3 Nxd5 11. Bb2 Qa5+ 12. Qd2 Qxd2+ 13. Nxd2 Nb4 14. Be4
Nf6 15. Bb1 Bd7 16. dxc5 Bc6 17. f3 Rfd8 18. Bxf6 gxf6 19. a3 Nd5 20. Bd3 Nc3
21. Kf2 f5 22. Rhc1 Nb5 23. b4 Nd4 24. Rab1 a6 25. f4 Bb5 26. Nc4 Rac8 27. Nb2
Rd7 28. Bxb5 Nxb5 29. a4 Nd4 30. Nd3 f6 31. b5 Rcd8 32. c6 bxc6 33. bxc6 Rc7
34. Rb6 a5 35. Nc5 Rdc8 36. Nd7 Rxc6 37. Nxf6+ Kg7 38. Rcxc6 Nxc6 39. Ne8+ Rxe8
40. Rxc6 e5 41. Ra6 exf4 42. gxf4 Re4 43. Rxa5 Rxf4+ 44. Kg3 Rg4+ 45. Kf3 Rh4
46. e3 Kg6 47. Kg3 Re4 48. Kf3 Rh4 49. Ra8 Rxh2 50. Rg8+ Kf7 51. Rb8 Ra2 52.
Rb7+ Kg6 53. Rb4 Ra3 54. Kf4 h5 55. Rb6+ Kf7 56. Kxf5 Rxe3 57. Rb7+ Kg8 58. Kg6
Rg3+ 59. Kxh5 Rh3+ 60. Kg6 Rg3+ 61. Kf5 Rf3+ 62. Ke5 Re3+ 63. Kd5 Rd3+ 64. Kc4
Ra3 65. Kb4 Ra1 66. Rb6 Rb1+ 67. Ka5 Ra1 68. Rb4 Kf7 69. Ka6 Ke6 70. a5 Kd6 71.
Kb6 Kd7 72. Rc4 Rb1+ 73. Ka7 Ra1 74. a6 Kd8 75. Kb7 Rb1+ 76. Ka8 Ra1 77. a7 Rb1
78. Rh4 Kc7 79. Rh8 Rb2 80. Rb8 Ra2 81. Rb7+ Kc8 82. Rb3 Kc7 83. Rb8 Ra1 84.
Rh8 Rb1 85. Rh7+ Kc8 86. Rh8+ 1/2-1/2

[Event "ChessOrg-Schachfestival 2022-Senioren"]
[Site "Bad Woerishofen"]
[Date "2022.03.12"]
[Round "2.48"]
[White "Beitz, Joanne"]
[Black "Goris-Schouwstra, Adry"]
[Result "0-1"]
[WhiteElo "1314"]
[BlackElo "1677"]
[PlyCount "70"]
[EventDate "2022.??.??"]
[WhiteTeam "Mettmann-Sport e.V."]

1. e4 e6 2. d4 d5 3. Nc3 Be7 4. e5 a6 5. Nf3 b5 6. a3 c5 7. Be3 cxd4 8. Bxd4
Nc6 9. Be2 Nh6 10. h3 Nf5 11. Qd2 Nfxd4 12. Nxd4 Nxe5 13. f4 Bh4+ 14. Kd1 Nc4
15. Bxc4 dxc4 16. Kc1 O-O 17. Nce2 Bb7 18. Rg1 Bf2 19. Rf1 Bxd4 20. Nxd4 Bxg2
21. Rf2 Bxh3 22. a4 Qd5 23. Ra3 Bf5 24. Rc3 Rfd8 25. Re2 Qxd4 26. Qe1 Qxf4+ 27.
Kb1 b4 28. Rce3 b3 29. Kc1 bxc2 30. Rd2 Rd3 31. Qg3 Qxe3 32. Qxe3 Rxe3 33. Rxc2
Bxc2 34. Kxc2 Rb8 35. Kd2 Rbb3 0-1